Dicho y hecho 5: Español como lengua extranjera

Gardado en:
Detalles Bibliográficos
Main Authors: Jiménez Llamas, Emma (Author), Emilson Ingvarsdóttir, Elin (Author), Granda Dahan, Beatriz (Author)
Formato: Libro
Idioma:Lingua castelá
Publicado: Ciudad de México Centro de Enseñanza para Extranjeros 2014
Edición:1a. ed
Series:Dicho y Hecho, 5
Subjects:
Tags: Engadir etiqueta
Sen Etiquetas, Sexa o primeiro en etiquetar este rexistro!

MARC

LEADER 00000cam a2200000 a 4500
001 UCE8807
003 CL-VaPUC
008 150904e20140000mx |||||||||||||||||spa|d
020 |a 9786070258008 
082 0 4 |a 468.2421  |b JIM  |2 21 
100 0 |a Jiménez Llamas, Emma  |e author  |9 581542 
700 0 |a Emilson Ingvarsdóttir, Elin  |e author  |9 581543 
700 0 |a Granda Dahan, Beatriz  |e author  |9 581544 
245 1 0 |a Dicho y hecho 5: Español como lengua extranjera 
250 |a 1a. ed 
300 |a v 
942 |c BK 
945 |d 20150904 11:50:00  |a dcastane 
260 |a Ciudad de México  |b Centro de Enseñanza para Extranjeros  |c 2014 
500 |a Incluye CD 
650 0 |a Lingüística aplicada   |9 313266 
650 0 |a Idioma español  |9 309143 
650 0 |a Segunda lengua  |9 556822 
583 |a last modification  |c 20150904 11:50:00  |k Rodrigo Vera 
490 0 |a Dicho y Hecho, 5 
999 |c 360577  |d 360575 
952 |0 0  |1 0  |3 erb  |4 0  |6 468_242100000000000_JIM_2014  |7 0  |8 A  |9 470445  |a FDOPOS  |b FDOPOS  |i 5196736  |o 468.2421 JIM 2014  |p 5196736  |r 2025-01-22  |w 2019-11-23  |y BK  |z Catalogado en:20150904  |k DLA